00812 2200301 4500001002100000005001500021035002000036007000300056040001700059100002100076245007500097250001200172300002900184041000800213082001100221084001700232090002000249264003400269336002100303337003000324338002300354650001700377850001000394008004100404020002200445990002200467990002100489INLIS00000000000803320260529084115 a0010-0922000522ta aSBPUPADbind0 aAtlasePengarang1 aBencana Alam Di Indonesia :bBanjir Dan Tanah Longsor /cTessa Febiani a.-cet.5 a81 hlm :bilus. ;c14 cm07aind a551.48 a551.48 ATL b a749 EFV s L23-6 a.--Jakarta :bErlangga,c2009 2rdacontentateks 2rdamediaatanpa perantara 2rdacarrieravolume 4aBencana Alam aPUPAD260529 0  a978-979-015-332-5 a6973/ARPUS/PDG/08 a070/S/KARNG/2011